000 00210nam a22000857a 4500
008 160831b xxu||||| |||| 00| 0 eng d
100 _9270
_aGoscinny R
245 _aBlack Gold
260 _aUSA
_bOrion publication
_c2004
999 _c2928
_d2928